Flesh and spirit: (Record no. 5797)

000 -LEADER
fixed length control field 00679nam a2200193 a 4500
001 - CONTROL NUMBER
control field :::00003539$&:&@@
003 - CONTROL NUMBER IDENTIFIER
control field OkBaRHE
005 - DATE AND TIME OF LATEST TRANSACTION
control field 20000607103307.0
008 - FIXED-LENGTH DATA ELEMENTS--GENERAL INFORMATION
fixed length control field s1962 j 000 0 eng u
040 ## - CATALOGING SOURCE
Transcribing agency
100 1# - MAIN ENTRY--PERSONAL NAME
Personal name Barclay, William.
245 10 - TITLE STATEMENT
Title Flesh and spirit:
Remainder of title an examination of Galatians 5:19-23.
260 ## - PUBLICATION, DISTRIBUTION, ETC. (IMPRINT)
Place of publication, distribution, etc Naperville, IL., :
Name of publisher, distributor, etc SCM Book Club
Date of publication, distribution, etc c1962
300 ## - PHYSICAL DESCRIPTION
Extent 127 p. ;
Dimensions 19 cm.
650 ## - SUBJECT ADDED ENTRY--TOPICAL TERM
Topical term or geographic name as entry element Bible New Testament Galatians
942 ## - ADDED ENTRY ELEMENTS (KOHA)
Source of classification or shelving scheme
Koha item type Books
Copies
Not for loan Full call number Koha item type Shelving location Price effective from Date last seen Permanent Location Damaged status Source of classification or shelving scheme Lost status Copy number Barcode Date acquired Withdrawn status
 BS 2685.2 .B3BooksGeneral Stacks2010-04-142018-04-03RHEMA Bible Training College   135392010-04-14 
 BS 2685.2 .B3BooksGeneral Stacks2010-04-142018-04-03RHEMA Bible Training College   2197402010-04-14